Multiples of 14 Quiz - Statistics

General Stats
  • This quiz has been taken 153 times
  • The average score is 24 of 25
Answer Stats
Answer % Correct
14
100%
28
100%
42
97%
112
96%
126
96%
140
96%
154
96%
168
96%
182
96%
196
96%
210
96%
224
96%
238
96%
252
96%
56
96%
70
96%
84
96%
98
96%
266
95%
280
95%
294
95%
308
93%
322
93%
336
92%
350
92%
No matching quizzes found
Score Distribution
Percent of People with Each Score
Percentile by Number Answered
Your Score History
You have not taken this quiz